00473nam a2200193Ia 4500003000400000005001700004008004100021020001800062040000700080041000800087082001700095100001800112245005000130260004100180300001700221365001200238650001200250650001700262OSt20250724170532.0210719s2016 xx 000 0 und d a9789352351916 cAL aeng a954.871 PIND aVishanz Pinto aDakshina kannada after 1947: some reflections aMangalurubSt Aloysius Collegec2016 avii,263pbPB b750cRs aHistory aSouth Canara